000 00702nam a2200253Ia 4500
003 OSt
005 20220926013047.0
006 a|||||r|||| 00| 0
007 ta
008 220923b |||||||| |||| 00| 0 eng d
037 _cGeneral Book
040 _aRTL
_cRTL
_beng
041 _2eng
_aeng
082 _aY, L4
100 _aHodges Harold M
_9132470
245 0 _aConflict and consensus
_b An introduction to sociol
250 _a2
260 _aNew York
_bHarper and Row
_c1974
300 _axv, 558p
_ccm.
500 _aBibliography P 527-52; Glossary P 517-25
650 _aEssays Sociology
942 _hY, L4
_cGB
_2CC
999 _c625117
_d625117